000 01964nam0a2200409 4500
001 RU\NLR\bibl\322114
005 20260407080541.0
021 _aRU
_b2002-31028
_91538
035 _a(NLR Aleph) 000317144
090 _a74066
_c74066
100 _a20021008d2001 |||y0rusy50 ca
101 0 _arus
102 _aRU
105 _ay |||||||||
200 1 _aАпитерапия в неврологии и психиатрии
_e[Сб. науч. ст.]
_fМ-во сел. хоз-ва и продовольствия Респ. Башкортостан, Гос. учреждение-Башк. науч.-исслед. центр по пчеловодству и апитерапии
_g[Редкол.: А. М. Ишемгулов и др.]
210 _aУфа
_cАДИ
_d2001
215 _a107, [1] с.
_d21
320 _aБиблиогр.: с. 107-108
606 0 _aАпитерапия
_jСборники
_xПрименение в неврологии
_92263960
_3RU\NLR\auth\661357253
606 0 _aАпитерапия
_jСборники
_xПрименение в психиатрии
_92263962
_3RU\NLR\auth\661357254
610 0 _aНервные болезни - Лечение
610 0 _aПсихические болезни - Лечение
610 0 _aПчеловодство - Продукты - Лечебное применение
675 _a616.8:615.324
_v3
_zrus
686 _a76.29
_2rugasnti
686 _a56.1
_2rubbk
686 _aР62-532я43
686 _aР64-532я43
702 1 _aИшемгулов
_bА. М.
_gАмир Минниахметович
_4340
712 0 2 _4570
_aБашкирский научно-исследовательский центр по пчеловодству и апитерапии
_cУфа
_3RU\NLR\AUTH\8810040923
_9581043
801 0 _aRU
_bRKP
_c20021008
_gPSBO
801 1 _aRU
_bRKP
_c20021008
801 2 _aRU
_bNLR
_c20040909
_grcr
942 _cBOOK
980 _aNB